A taste of Persia : an introduction to Persian cooking / (Record no. 3061)

MARC details
000 -LEADER
fixed length control field 00688nam a22002057a 4500
003 - CONTROL NUMBER IDENTIFIER
control field OSt
005 - DATE AND TIME OF LATEST TRANSACTION
control field 20250815070455.0
008 - FIXED-LENGTH DATA ELEMENTS--GENERAL INFORMATION
fixed length control field 240816b |||||||| |||| 00| 0 eng d
020 ## - INTERNATIONAL STANDARD BOOK NUMBER
International Standard Book Number 093421154-x
040 ## - CATALOGING SOURCE
Original cataloging agency OC
Transcribing agency DWCL-Main lib.
082 ## - DEWEY DECIMAL CLASSIFICATION NUMBER
Classification number Circ. 641.5955 B328t 1999
100 ## - MAIN ENTRY--PERSONAL NAME
Personal name Batmanglij, Najmieh K.
245 ## - TITLE STATEMENT
Title A taste of Persia : an introduction to Persian cooking /
Statement of responsibility, etc. Najmieh K. Batmanglij
250 ## - EDITION STATEMENT
Edition statement 1st edition
260 ## - PUBLICATION, DISTRIBUTION, ETC.
Place of publication, distribution, etc. Washington, DC :
Name of publisher, distributor, etc. Mage Publisher Inc.,
Date of publication, distribution, etc. c2006.
300 ## - PHYSICAL DESCRIPTION
Extent various in pagings, 26-176 pages :
Other physical details color illustrations ;
Dimensions 26cm.
500 ## - GENERAL NOTE
General note Includes index.
650 ## - SUBJECT ADDED ENTRY--TOPICAL TERM
Topical term or geographic name entry element 1. Cookery --- Iranian.
942 ## - ADDED ENTRY ELEMENTS (KOHA)
Source of classification or shelving scheme Dewey Decimal Classification
Koha item type Book Circulation
Call number prefix Circ.
Suppress in OPAC No
Edition 1st edition
952 ## - LOCATION AND ITEM INFORMATION (KOHA)
--
Holdings
Withdrawn status Lost status Source of classification or shelving scheme Damaged status Not for loan Home library Current library Shelving location Date acquired Source of acquisition Total Checkouts Full call number Barcode Date last seen Copy number Price effective from Koha item type Uniform Resource Identifier
    Dewey Decimal Classification     HM & Nursing Library HM & Nursing Library Circulation 09/26/2023 Donation   Circ. 641.5955 B328t 1999 HNL53924 08/16/2024 c1 08/16/2024 BK-CIRC